000 00685nam a2200229Ia 4500
003 OSt
005 20220926014107.0
006 a|||||r|||| 00| 0
007 ta
008 220923b |||||||| |||| 00| 0 eng d
037 _cGeneral Book
040 _aRTL
_cRTL
_beng
041 _2eng
_aeng
082 _aXM5:(Y:492).1.N7, L7
100 _aJacoby Neil H, and others
_9319755
245 0 _aBribery and extortion in world business
_b A study o
260 _aNew York
_bMacmillan
_c1977
300 _axx,294p
_ccm.
650 _aJoint Stock Company
942 _hXM5:(Y:492).1.N7, L7
_cGB
_2CC
999 _c627817
_d627817